| 000 | 01772nam a2200493 i 4500 | ||
|---|---|---|---|
| 001 | 15309 | ||
| 003 | KOSZ 005 | ||
| 005 | 20230118144824.0 | ||
| 008 | 200409s1973 pl a f f 000 0 pol | ||
| 015 | _aUWD 1973/3226 | ||
| 035 | _a991033242509705066 | ||
| 035 | _a(PL-WaBN)b18905341-48omnis_nlop | ||
| 035 | _ab18905341 | ||
| 035 | _a(OCoLC)831173903 | ||
| 035 | _a(PL)b0000001890534 | ||
| 035 | _a(EXLNZ-48OMNIS_NETWORK)9910217011805606 | ||
| 040 |
_aWA N _cWA N _dKOSZ 005/RW |
||
| 046 | _k1973 | ||
| 080 | _a621.311 | ||
| 080 | _a(075.8) | ||
| 100 | 1 |
_aPawlik, Maciej _d(1940- ) _eAutor |
|
| 245 | 1 | 0 |
_aWytwarzanie energii elektrycznej / _cMaciej Pawlik, Franciszek Strzelczyk. |
| 260 |
_aŁódź : _bPolitechnika Łódzka, _c1973. |
||
| 300 |
_a507 stron : _bilustracje ; _c24 cm. |
||
| 336 |
_aTekst _btxt _2rdacontent |
||
| 337 |
_aBez urządzenia pośredniczącego _bn _2rdamedia |
||
| 338 |
_aWolumin _bnc _2rdacarrier |
||
| 380 | _aKsiążki | ||
| 380 | _aPublikacje dydaktyczne | ||
| 388 | _a1901-2000 | ||
| 388 | _a1945-1989 | ||
| 490 | 1 | _aSkrypty dla Szkół Wyższych / Politechnika Łódzka. | |
| 504 | _aBibliografia na stronach [506]-507. | ||
| 521 | 8 | _aDla studentów Wydziału Elektrycznego Politechniki Łódzkiej. | |
| 650 | 7 |
_aElektrownie _2DBN |
|
| 655 | 7 |
_aPodręczniki akademickie _2DBN |
|
| 658 | _aInżynieria i technika | ||
| 700 | 1 |
_aStrzelczyk, Franciszek _d(1940- ) _eAutor |
|
| 710 | 2 |
_aWydawnictwo Naukowe Politechniki Łódzkiej _4pbl |
|
| 830 | 0 | _aSkrypty dla Szkół Wyższych - Politechnika Łódzka | |
| 856 |
_uhttp://koha.tu.koszalin.pl/cgi-bin/koha/opac-detail.pl?biblionumber=15309 _yKatalog online BPK |
||
| 942 |
_2UKD _cKS |
||
| 999 |
_c15309 _d15309 |
||